01748 a2200241 4500003000500000005001700005010001700022020001500039040000900054082001200063100002600075245007000101260003700171300003400208505091600242650001501158700003101173700003101204942001201235999001901247952012001266952012001386Nust20221011130910.0 a 77021392  a0070429251 cNust00a540,MOO1 aMoore, John W.99986810aChemistry /cJohn W. Moore, William G. Davies, Ronald W. Collins. aNew York :bMcGraw-Hill,cc1978. axii, 804 p. :bill. ;c25 cm. aIntroduction (Page-1), ATOMS, Molecules, and Chemical Reactions (Page-30), Using Chemical Equations in Calculations (Page-61), The Structure of Atoms (Page-96), The Electronic Structure of Atoms (Page-124), Chemical Bonding-Electron Pairs (Page-160), Further Aspects of Covalent Bonding (Page-199), Properties of Organic Compounding and other Substances (Page-240), Gases (Page-282), Solids, Liquids, and Solutions (Page-317), Reaction in Aqueous Solutions (Page-360), Chemistry of the Representative Elements (Page-400), Chemical Equilibrium (Page-432), Ionic Equilibria Aqueous Solutions (Page-469), Thermodynamics: Atoms, Molecules, and Energy (Page-511), Entropy and Spontaneous Reactions (Page-543), Electrochemical Cells (Page-581), Chemical Kinetics (Page-610), Nuclear Chemistry (Page-641), Molecules in Living Systems (Page-670) Spectra and Structure of Atoms and Molecules (Page-709) Metals (Page-744) 0aChemistry.1 aCollins, Ronald W.,9998691 aDavies, William G.,999870 2ddccBK c194224d194224 00102ddc4070aMCSbMCScGENd2016-12-12o540,MOOpMCS6469r2016-12-08w2016-12-12yBKzAlmirah No.25, Shelf No.2 00102ddc4070aMCSbMCScGENd2016-12-12o540,MOOpMCS6470r2016-12-08w2016-12-12yBKzAlmirah No.77, Shelf No.4